000 00588nam a2200193 i 4500
001 64481
003 ES-MaACL
005 20230906165135.0
007 t|
008 031224s1980 sp ||||1| spa d
020 _a84-7105-114-1
100 1 _aFonseca Rodríguez, Julio.
_951532
245 1 0 _aTeoría de la contabilidad /
_cJulio Fonseca Rodríguez ; prólogo de Ricardo Pedreira Pérez.
250 _a2ª ed. rev. y amp.
260 _aMadrid :
_bMayfe,
_c1980.
300 _a611 p. ;
_c22 cm.
700 1 _aPedreira Pérez, Ricardo.
_989902
852 _aES-MaACL
_jL-10526
_bR.111470
999 _c64481
_d64481